La práctica del montaje

Uloženo v:
Podrobná bibliografie
Hlavní autoři: Jurgenson, Albert (Autor), Brunet, Sophie (Autor)
Médium: Kniha
Jazyk:španělština
Vydáno: Barcelona Gedisa 1992
Edice:Serie Práctica
Témata:
Tagy: Přidat tag
Žádné tagy, Buďte první, kdo vytvoří štítek k tomuto záznamu!

MARC

LEADER 00000cam a2200000 a 4500
001 UCY6695
003 CL-VaPUC
008 950602e19920000SP |||||||||||||||||spa|d
082 0 4 |a 778.53  |b JUR  |2 21 
100 0 |a Jurgenson, Albert  |e author  |9 336720 
700 0 |a Brunet, Sophie  |e author  |9 336721 
245 1 3 |a La práctica del montaje 
300 |a 214 p 
942 |c BK 
945 |d 19950602 00:00:00  |a aalvarez 
260 |a Barcelona  |b Gedisa  |c 1992 
650 0 |a Montaje  |9 310689 
650 7 |a FILMACION  |2 CL-VaPUC  |9 336722 
650 0 |a Cine  |9 225706 
650 0 |a Películas  |9 335097 
650 0 |a Sonido   |9 261796 
650 0 |a Imagen  |9 311402 
583 |a last modification  |c 20181108 12:47:38  |k Rodrigo Vera 
490 0 |a Serie Práctica 
999 |c 234220  |d 234218 
952 |0 0  |1 0  |4 0  |6 778_530000000000000_JUR_1992  |7 0  |8 R  |9 240284  |a BIBART  |b BIBART  |d 2019-11-18  |i 3079805  |o 778.53 JUR 1992  |p 3079805  |r 2025-03-13  |w 2019-11-18  |y BK_R  |k ART 
952 |0 0  |1 0  |3 erb  |4 0  |6 778_530000000000000_JUR_1992  |7 0  |8 A  |9 240285  |a BIBCUR  |b BIBCUR  |i 5512190  |o 778.53 JUR 1992  |p 5512190  |r 2025-04-22  |w 2019-11-18  |y BK  |z Catalogado en:20181109  |k PER